[Event "Bled (ol) 86/170"]
[Site "?"]
[Date "2002.??.??"]
[Round "?"]
[White "Kasparov, Garry"]
[Black "Ye, Jiangchuan"]
[Result "1-0"]
[WhiteElo "2838"]
[BlackElo "2667"]
[PlyCount "131"]
[EventDate "2002.??.??"]
[Source "Chess Informant"]
[SourceDate "2002.10.01"]

1. e4 c5 2. Nf3 e6 3. d4 cxd4 4. Nxd4 Nc6 5. Nc3 Qc7 6. Be3 a6 7. Qd2 Nf6 8. O-O-O Bb4 9. f3 Ne5 10. Nb3 b5 11. Bd4 Be7 12. Qf2 d6 13. Kb1 O-O 14. g4 Nfd7 15. Rg1 Bb7 16. g5 Rfc8 17. a3 Nc4 18. Bxc4 bxc4 19. Nc1 Rab8 20. N1e2 Bc6 21. Ka1 Qa5 22. Na2 e5 23. Bc3 Qc7 24. Ng3 g6 25. Nf1 Nc5 26. Ne3 a5 27. Qd2 Rb5 28. h4 Ne6 29. Rb1 Rc5 30. Nc1 Rd8 31. Ng4 d5 32. Bxe5 dxe4 33. Qc3 Rxe5 34. Qxe5 Qxe5 35. Nxe5 Ba4 36. c3 exf3 37. Rf1 Bc2 38. Nxc4 Bxb1 39. Kxb1 a4 40. Ne5 h6 41. Rxf3 hxg5 42. Rxf7 Bd6 43. Rf6 Bxe5 44. Rxe6 Bf4 45. Ne2 Rd1+ 46. Ka2 Kf7 47. Ra6 Re1 48. Nxf4 gxf4 49. Rxa4 Rf1 50. c4 Ke6 51. c5 Kd5 52. Ra6 Ke5 53. Rxg6 f3 54. Rg8 Ke4 55. Rf8 Ke3 56. b4 Rc1 57. Kb2 Rc4 58. Kb3 Rc1 59. h5 f2 60. h6 f1=Q 61. Rxf1 Rxf1 62. Kc4 Ke4 63. c6 Rh1 64. Kc5 Rh5+ 65. Kb6 Rxh6 66. Kb7 1-0

[Event "Tilburg"]
[Site "?"]
[Date "1991.??.??"]
[Round "?"]
[White "Kasparov, Garry"]
[Black "Anand, V."]
[Result "1-0"]
[WhiteElo "2770"]
[BlackElo "2650"]
[PlyCount "57"]
[EventDate "1991.??.??"]
[Source "ChessBase"]
[SourceDate "1991.10.01"]

1. e4 c5 2. Nf3 Nc6 3. d4 cxd4 4. Nxd4 Qc7 5. Nc3 e6 6. Be3 a6 7. Bd3 Nf6 8. O-O Ne5 9. h3 Bc5 10. Kh1 d6 11. f4 Nc6 12. e5 Nxe5 13. fxe5 dxe5 14. Bb5+ axb5 15. Ndxb5 Qc6 16. Bxc5 Qxc5 17. Nd6+ Ke7 18. Rxf6 gxf6 19. Nce4 Qd4 20. Qh5 Rf8 21. Rd1 Qe3 22. Qh4 Qf4 23. Qe1 Ra4 24. Qc3 Rd4 25. Rxd4 Qf1+ 26. Kh2 exd4 27. Qc5 Kd7 28. Nb5 Qf4+ 29. g3 1-0

[Event "FIDE World Cup KO"]
[Site "Shenyang"]
[Date "2000.09.08"]
[Round "1.3"]
[White "Movsesian, Sergei"]
[Black "Milos, Gilberto"]
[Result "1-0"]
[WhiteElo "2666"]
[BlackElo "2633"]
[PlyCount "77"]
[EventDate "2000.08.07"]
[Source "ChessBase"]
[SourceDate "2000.11.21"]

1. e4 c5 2. Nf3 e6 3. d4 cxd4 4. Nxd4 Nc6 5. Nc3 a6 6. Be3 Qc7 7. Bd3 Nf6 8. O-O Ne5 9. f4 Neg4 10. Bd2 Bc5 11. Nce2 d6 12. h3 e5 13. c3 Ba7 14. hxg4 Bxg4 15. Be3 exd4 16. Bxd4 O-O 17. Bxa7 Rxa7 18. Qd2 Re8 19. Ng3 Qc5+ 20. Qf2 b6 21. Qd4 Bc8 22. Rfe1 Rae7 23. Re2 g6 24. Rae1 Bb7 25. e5 dxe5 26. fxe5 Qc6 27. Be4 Nxe4 28. Nxe4 Rc8 29. Nf6+ Kg7 30. Rf2 Re6 31. Qf4 Rc7 32. Ng4 Rce7 33. Ref1 Kf8 34. Qh6+ Ke8 35. Nf6+ Kd8 36. Qf8+ Kc7 37. Rd1 Re8 38. Nxe8+ Rxe8 39. Qd6+ 1-0